000
00272 a2200085 4500
020
_a
9780804841351
100
_a
Michael G. LaFosse and Richard L. Alexander
245
_a
Trash Origami: 25 Paper Folding Projects Reusing Everyday Materials
260
_b
Tuttle Publishing
_c
2010
999
_c
13222
_d
13222